LEADER 01115nam0 22002411i 450 001 VAN00053551 005 20240806100504.6 010 $a88-7567-382-9 100 $a20060927d2001 |0itac50 ba 101 $aita 102 $aIT 105 $a|||| ||||| 200 1 $aAtti del 7. Colloquio dell'Associazione italiana per lo studio e la conservazione del mosaico$ePompei, 22-25 marzo 2000$fAISCOM$ga cura di Andrea Paribeni$gcon il patrocinio del Ministero per i Beni e le Attivitą Culturali 210 $aRavenna$cGirasole$d[2001] 215 $aVII, 727 p.$cill.$d24 cm. 702 1$aParibeni$bAndrea$3VANV035554 710 02$aAISCOM$3VANV035552$0427197 801 $aIT$bSOL$c20240906$gRICA 899 $aBIBLIOTECA DEL DIPARTIMENTO DI LETTERE E BENI CULTURALI$1IT-CE0103$2VAN07 912 $aVAN00053551 950 $aBIBLIOTECA DEL DIPARTIMENTO DI LETTERE E BENI CULTURALI$d07CONS D Pompei 2000 $e07DP 2596 20060927 996 $aAtti del 7. Colloquio dell'Associazione italiana per lo studio e la conservazione del mosaico$91426983 997 $aUNICAMPANIA